000 01188nam a2200337 a 4500
001 000016151
003 DO-SdBNP
005 20260526000149.0
007 ta
008 100226s1985 dr 000 0 spa d
040 _aDO-SdBNP
_bspa
_cBNPHU
_erda
041 _hspa
082 _a868.997293
_bJ25e
_223
100 1 _aJulia, Julio Jaime
_d1922-1993
_eautor
_920185
245 1 0 _aEscritos de Tulio Manuel Cestero :
_b(periodismo, diplomacia, política, labor nacionalista, literatura y americanismo) /
_cJulio Jaime Julia ; dirigida Raymundo Amaro Guzmán.
250 _aPrimera Edición
264 _aSanto Domingo :
_bPublicaciones ONAP,
_c1985
300 _a624 páginas ;
_c21 cm
336 _ardacontent
_btexto
_2txt
337 _ardamedia
_bsin mediación
_2n
338 _ardacarrier
_bvolumen
_2nc
490 1 _aLiteratura
_v5
590 _aInventariado,2025/DG
650 7 _2Lemb
_aLiteratura dominicana
_ySiglo XX
_985167
650 7 _2Lemb
_aEnsayos dominicanos
_zSiglo XX
_989704
651 7 _2Lemb
_aRepública Dominicana
_xRelaciones Exteriores
_989705
700 1 _aAmaro Guzmán, Raymundo
_9656
830 0 _aLiteratura
_n5
_931679
910 _aDG
942 _2ddc
_cLFDS
999 _c15691
_d15691